000 00310nam a22001337a 4500
008 170331b xxu||||| |||| 00| 0 eng d
020 _a9781581101096
041 _aeng
080 _25 ED
_a616-053.2
100 _a8
101 _aSHM
245 _aPEDIATRIC NUTRITION HANDBOOK
_cKLEINMAN.R.E
942 _2udc
_cBK
999 _c9210
_d9210